000 00669cam a2200193 a 4500
001 000002741
005 20260429135247.0
008 810304s1967 ag 001 0 spa
040 _aDO-SdBNP
_bspa
_cBNPHU
082 _aA860.09
_bC346a, 1967
100 1 _aCastagnino, Raúl Hector
_98632
245 1 3 _aEl analísis literario :
_bintroducción a una estilística integral /
_cRaúl Hector Castagnino.
250 _a5a ed.
260 _aBuenos Aires :
_bNova,
_c1967.
300 _a341 p. ;
_c20 cm.
490 1 _aBiblioteca Arte y Ciencia de la Expresión
650 0 _aLiteratura
_xHistoria y crítica
_9835
830 0 _aBiblioteca Arte y Ciencia de la Expresión.
_98633
999 _c2575
_d2575